| 000 | 02098nam a2200505 c 4500 | ||
|---|---|---|---|
| 999 |
_c346540 _d346540 |
||
| 003 | BLK | ||
| 005 | 20241101153827.0 | ||
| 008 | 180411b bul|||||r ||||||| ||bul|| | ||
| 010 | _aKNG00185504000 | ||
| 020 | _a9789546607966 | ||
| 040 | _aBLK | ||
| 041 |
_aBUL _cBUL |
||
| 072 | 7 |
_2bullib _aН86 _xДетска отраслова литература Н |
|
| 080 |
_aДържава. Структура на държавите - Държава като юридическа личност. Отличителни знаци (име, химн, герб, знаме). Политически дуализъм, федерализъм, административно-териториално разделение, съюз _b342.2 _x(497.2)(02.053.2) _z342.2(497.2)(02.053.2) |
||
| 080 |
_aХералдика. Знамена. Гербове. Флагове _b929.6/.9 _x(497.2)(02.053.2) _z929.6/.9(497.2)(02.053.2) |
||
| 100 | 1 |
_aРусанов, Любомир Кирилов _9117434 |
|
| 139 |
_aРусанов, Любомир Кирилов _bР 93 |
||
| 245 | 1 | 0 |
_aБългарските държавни символи _cЛюбомир Кирилов Русанов. |
| 257 | _aBGR | ||
| 260 |
_bПАН _c2017 |
||
| 300 |
_a16 с. _bс цв. ил. _c28 см |
||
| 380 | _aDN | ||
| 490 | 1 | _aПоредица Моята първа книга за... | |
| 650 | 4 |
_aДържава - България _9340805 |
|
| 650 | 4 |
_aХералдика _9176408 |
|
| 651 | 4 |
_aБългария _9241624 |
|
| 653 | _aгербове | ||
| 653 | _aхимни | ||
| 653 | _aзнамена | ||
| 653 | _aКонституция | ||
| 653 | _aпари | ||
| 653 | _aмедали | ||
| 653 | _aордени | ||
| 653 | _aдържавност | ||
| 653 | _aдържавни символи | ||
| 653 | _aинституции | ||
| 653 | _aлитература за деца | ||
| 653 | _aдетска литература | ||
| 659 | _aН | ||
| 852 | _aЦб | ||
| 942 |
_cKNG _n0 _01 _s1 |
||
| 999 | _d346540 | ||
| 999 | _d176874 | ||
| 944 |
_k30560 _lГеновева Генчева |
||